| 000 | 00629nam a22001937a 4500 | ||
|---|---|---|---|
| 005 | 20251108171908.0 | ||
| 008 | 250721s2003 xx 000 0 ara d | ||
| 082 | 1 | 4 | _a811.909/لعي |
| 100 | 1 | _aلعيبي، شاكر | |
| 245 | 1 | 0 |
_aلغة الشعر : _bدراسات نقدية في الشعرية و الشعراء / |
| 264 | 1 |
_aالرياض : _bمؤسسة اليمامة الصحفية، _c2003. |
|
| 300 | _a352ص | ||
| 490 | 0 | _aكتاب الرياض ؛ 111 | |
| 650 | 1 | 7 | _aالشعر العربي |
| 650 | 1 | 7 | _aالتاريخ الأدبي |
| 650 | 1 | 7 | _aالنقد الأدبي |
| 942 |
_2ddc _cBK |
||
| 999 |
_c65404 _d65404 |
||